| 000 | 00639nam a2200253Ia 4500 | ||
|---|---|---|---|
| 005 | 20250425161754.0 | ||
| 008 | 250425s9999 xx 000 0 und d | ||
| 020 | _a9589271227 | ||
| 041 | _aspa | ||
| 043 | _ack | ||
| 082 | _a631.658 | ||
| 110 | _aTERRANOVA EDITORES | ||
| 245 | 0 | _aENCICLOPEDIA AGROPECUARIA TERRANOVA: VIDA Y RECURSOS NATURALES | |
| 250 | _aS.E. | ||
| 260 | _aBOGOTA | ||
| 260 |
_aColombia _bTERRANOVA EDITORES _c1998 |
||
| 300 | _a298 | ||
| 650 | _aAGRICULTURA | ||
| 650 | _aGESTION AGROPECUARIA | ||
| 650 | _aINGENIERIA AGROPECUARIA | ||
| 650 | _aRECURSOS NATURALES | ||
| 942 | _c01 | ||
| 010 | _a28390 | ||
| 999 |
_c215823 _d215823 |
||